000 00433nab a2200145Ia 4500
003 ES-SlBCS
005 20210601131809.0
008 140529s1969 xxu||||| |||| 00| 0 fre d
041 _afre
100 1 _aHardouin-Duparc, Louis
_9188855
245 0 0 _aJe suis la, je t'appelle
_c Louis Hardouin-Duparc
630 0 4 _aIsaías 42
_9134847
773 0 _tVie Spirituelle (La)
_gvol. 120, nº. 557, 1969, págs. 129-137
_wRev496
942 _cAR
999 _c568965
_d568965